[Event "Senta-ch"]
[Site "Senta"]
[Date "2017.02.04"]
[Round "5"]
[White "Csizik, Karoly"]
[Black "Bilic, Marijana"]
[Result "1-0"]
[WhiteElo "2024"]
[BlackElo "1548"]
[PlyCount "119"]
[EventDate "2017.01.20"]
[EventType "swiss"]
[EventRounds "9"]
[EventCountry "SRB"]
[SourceTitle "EXT 2018"]
[Source "ChessBase"]
[SourceDate "2017.10.13"]
[SourceVersion "1"]
[SourceVersionDate "2017.10.13"]
[SourceQuality "1"]

1. e4 c5 2. Nf3 e6 3. d4 cxd4 4. Nxd4 a6 5. Nc3 Ne7 6. Be3 Nbc6 7. Be2 Nxd4 8. Qxd4 b5 9. 0-0 Nc6 10. Qd2 Be7 11. f4 0-0 12. Rad1 f6 13. f5 Ne5 14. Qc1 Qa5 15. a3 b4 16. axb4 Bxb4 17. Qa1 Bxc3 18. bxc3 Qxa1 19. Rxa1 Bb7 20. Bd3 Nf7 21. Rfb1 Bc6 22. Rb6 exf5 23. exf5 Ne5 24. Rbxa6 Rxa6 25. Rxa6 Ra8 26. Rxa8+ Bxa8 27. Bf4 Nxd3 28. cxd3 Bc6 29. Kf2 g6 30. fxg6 hxg6 31. g3 Kf7 32. Ke3 Ke6 33. Kd4 Bg2 34. Kc5 Bf1 35. Kd4 Bg2 36. c4 Bf1 37. Ke3 Kf5 38. Kd4 Ke6 39. Kc3 d5 40. c5 Kd7 41. d4 Bg2 42. h4 Bh3 43. Kd3 Bf5+ 44. Ke3 Bg4 45. Bh6 Bh5 46. Kf4 f5 47. Ke5 Bf3 48. Kf6 Bh5 49. Bf4 Kc6 50. Kg5 Kd7 51. Be5 Kc6 52. g4 fxg4 53. Bg3 Kd7 54. Kf6 Kc6 55. Ke6 g5 56. hxg5 Be8 57. Ke7 Bh5 58. Kf6 Kd7 59. g6 Ke8 60. Kg5 1-0

[Event "HUN-chT2 Toth 1617"]
[Site "Hungary"]
[Date "2017.01.29"]
[Round "7.9"]
[White "Csizik, Karoly"]
[Black "Diamant, Tibor"]
[Result "1-0"]
[WhiteElo "2055"]
[BlackElo "1996"]
[PlyCount "65"]
[EventDate "2016.09.25"]
[EventType "team-tourn"]
[EventRounds "11"]
[EventCountry "HUN"]
[SourceTitle "EXT 2021"]
[Source "ChessBase"]
[SourceDate "2020.10.23"]
[SourceVersion "1"]
[SourceVersionDate "2020.10.23"]
[SourceQuality "1"]
[WhiteTeam "Ujszasz"]
[BlackTeam "Mako Duocor II"]
[WhiteTeamCountry "HUN"]
[BlackTeamCountry "HUN"]

1. e4 c5 2. Nf3 Nc6 3. d4 cxd4 4. Nxd4 g6 5. Nc3 Bg7 6. Be3 Nf6 7. Nxc6 bxc6 8. e5 Ng8 9. f4 Nh6 10. Be2 d5 11. exd6 exd6 12. Bd4 Nf5 13. Bxg7 Nxg7 14. Qd4 0-0 15. Ne4 Ne8 16. 0-0-0 d5 17. h4 Bf5 18. Ng3 Nd6 19. h5 Qb6 20. Qf6 Qd8 21. Qc3 Qd7 22. Nxf5 Qxf5 23. hxg6 fxg6 24. Bd3 Qxf4+ 25. Kb1 d4 26. Qxc6 Rac8 27. Qd5+ Nf7 28. Rdf1 Qd6 29. Qe4 Ng5 30. Rxf8+ Rxf8 31. Qb7 Nf7 32. Qxa7 Kg7 33. Bc4 1-0

[Event "Senta-ch"]
[Site "Senta"]
[Date "2017.01.21"]
[Round "2"]
[White "Farkas, Tibor"]
[Black "Csizik, Karoly"]
[Result "1-0"]
[WhiteElo "2292"]
[BlackElo "2024"]
[PlyCount "49"]
[EventDate "2017.01.20"]
[EventType "swiss"]
[EventRounds "9"]
[EventCountry "SRB"]
[SourceTitle "EXT 2018"]
[Source "ChessBase"]
[SourceDate "2017.10.13"]
[SourceVersion "1"]
[SourceVersionDate "2017.10.13"]
[SourceQuality "1"]

1. e4 c5 2. Nf3 Nc6 3. d4 cxd4 4. Nxd4 Nf6 5. Nc3 d6 6. f3 a6 7. Be3 e6 8. Qd2 Be7 9. 0-0-0 0-0 10. g4 Qc7 11. Kb1 b5 12. Nxc6 Qxc6 13. Bd3 Nd7 14. Ne2 Ne5 15. Nd4 Qc7 16. g5 Bd7 17. h4 f5 18. exf5 exf5 19. Nxf5 Bc6 20. Be4 Rxf5 21. Bxf5 Bxf3 22. Rhf1 Nc4 23. Be6+ Kh8 24. Bxc4 Bxd1 25. Bd5 1-0

[Event "HUN-chT2 Toth 1617"]
[Site "Hungary"]
[Date "2016.12.11"]
[Round "6.9"]
[White "Molnar, Tibor"]
[Black "Csizik, Karoly"]
[Result "1/2-1/2"]
[WhiteElo "1690"]
[BlackElo "2055"]
[PlyCount "45"]
[EventDate "2016.09.25"]
[EventType "team-tourn"]
[EventRounds "11"]
[EventCountry "HUN"]
[SourceTitle "EXT 2021"]
[Source "ChessBase"]
[SourceDate "2020.10.23"]
[SourceVersion "1"]
[SourceVersionDate "2020.10.23"]
[SourceQuality "1"]
[WhiteTeam "Nadudvar"]
[BlackTeam "Ujszasz"]
[WhiteTeamCountry "HUN"]
[BlackTeamCountry "HUN"]

1. d4 Nf6 2. Nf3 g6 3. c4 Bg7 4. Nc3 0-0 5. e4 d6 6. Be2 e5 7. d5 Nbd7 8. b4 a5 9. b5 Nc5 10. Qc2 Nh5 11. Bg5 f6 12. Be3 Nf4 13. Bf1 f5 14. Nd2 Nh5 15. exf5 gxf5 16. Nb3 Nxb3 17. Qxb3 f4 18. Bd2 e4 19. 0-0-0 Bf5 20. g3 a4 21. Qb4 c5 22. dxc6 bxc6 23. gxf4 1/2-1/2